OECD reviews of foreign direct investment Chile
Enregistré dans:
| Format: | Livre |
|---|---|
| Langue: | anglais |
| Publié: |
Paris
OECD
1997
|
| Sujets: | |
| Tags: |
Pas de tags, Soyez le premier à ajouter un tag!
|
MARC
| LEADER | 00000nam a2200000 4500 | ||
|---|---|---|---|
| 001 | c117847 | ||
| 005 | 20221124073741.0 | ||
| 020 | |a 92-64-15572-4 | ||
| 041 | 0 | |a eng | |
| 044 | |a FR | ||
| 245 | 1 | 0 | |a OECD reviews of foreign direct investment |b Chile |
| 264 | 1 | |a Paris |b OECD |c 1997 | |
| 300 | |a 73 s. | ||
| 610 | 2 | 0 | |a investície zahraničné |
| 610 | 2 | 0 | |a Čile |
| 610 | 2 | 0 | |a zdanenie dvojité |
| 610 | 2 | 0 | |a privatizácia |
| 610 | 2 | 0 | |a podnikanie nadnárodné |